| 000 | 004280000a22001690004500 | ||
|---|---|---|---|
| 003 | MACL | ||
| 005 | 20160101133156.0 | ||
| 008 | 160101b xxu||||| |||| 00| 0 eng d | ||
| 040 |
_aMACL _cMACL |
||
| 041 | _aEnglish | ||
| 082 | _a410/GAN | ||
| 100 |
_aGandhi, M K _98264 |
||
| 245 | _aLinguistic Provinces | ||
| 260 |
_bNavajivan Publishing House _c1954 _aAhmedabad |
||
| 650 |
_aLinguistics _926335 |
||
| 942 |
_cBK _k410/GAN _2ddc |
||
| 999 |
_c35666 _d35666 |
||